ბათუმის შოთა რუსთაველის სახელმწიფო უნივერსიტეტის ბიბლიოთეკა

Principles and Practice of Assessment in the Lifelong Learning Sector / (ბიბ.ჩანაწერი № 44312)

000 -LEADER
fixed length control field 00952nam a2200253Ia 4500
001 - CONTROL NUMBER
control field 11070
003 - CONTROL NUMBER IDENTIFIER
control field GE_BSU
005 - DATE AND TIME OF LATEST TRANSACTION
control field 20221117110044.0
008 - FIXED-LENGTH DATA ELEMENTS--GENERAL INFORMATION
fixed length control field 181216s2011en xx |||||||||||||| ||eng||
020 ## - INTERNATIONAL STANDARD BOOK NUMBER
International Standard Book Number 9780857252609 x
040 ## - CATALOGING SOURCE
Transcribing agency GE_BSU
041 ## - LANGUAGE CODE
Language code of text/sound track or separate title eng
080 ## - UNIVERSAL DECIMAL CLASSIFICATION NUMBER
Universal Decimal Classification number 37 G 75
100 ## - MAIN ENTRY--PERSONAL NAME
Personal name Gravells, Ann
9 (RLIN) 15874
245 ## - TITLE STATEMENT
Title Principles and Practice of Assessment in the Lifelong Learning Sector /
Statement of responsibility, etc. Ann Gravells
250 ## - EDITION STATEMENT
Edition statement 2nd ed.
264 ## - PRODUCTION, PUBLICATION, DISTRIBUTION, MANUFACTURE, AND COPYRIGHT NOTICE
Place of production, publication, distribution, manufacture London :
Name of producer, publisher, distributor, manufacturer Learning Matters,
Date of production, publication, distribution, manufacture, or copyright notice 2011.
300 ## - PHYSICAL DESCRIPTION
Extent 131p :.
Other physical details ill;
Dimensions 25 cm.
653 ## - INDEX TERM--UNCONTROLLED
keyword Principles and Practice of Assessment in the Lifelong Learning Sector.
653 ## - INDEX TERM--UNCONTROLLED
keyword შეფასების პრინციპები და პრაქტიკა მთელი ცხოვრების მანძილზე სწავლის სექტორში.
653 ## - INDEX TERM--UNCONTROLLED
keyword ტემპუსის პროექტით
942 ## - ADDED ENTRY ELEMENTS (KOHA)
Koha item type წიგნი
Source of classification or shelving scheme
ეგზემპლარები
Withdrawn status Lost status Source of classification or shelving scheme Damaged status Not for loan Permanent Location Current Location Shelving location Date acquired Cost, normal purchase price Full call number Barcode Date last seen Copy number Price effective from Koha item type Public note
          ბათუმის შოთა რუსთაველის სახელმწიფო უნივერსიტეტის მთავარი ბიბლიოთეკა ბათუმის შოთა რუსთაველის სახელმწიფო უნივერსიტეტის მთავარი ბიბლიოთეკა წიგნსაცავი 2018-12-17 70.00 37 G 75 35433 2018-12-17 35433 2018-12-17 წიგნი 70.00